000 00618nam a2200205 4500
003 OSt
005 20160629155913.0
008 160629b xxu||||| |||| 00| 0 eng d
020 _a9780443100758
040 _c040a
082 _aWA 4
_bH979i 2006
100 _aHutton, Andrew R.
_99738
245 _aAn introduction to medical terminology for health care :
_ba self-teaching package /
_cAndrew R. Hutton
250 _a4th.ed.
260 _aEdinburgh
_bChurchill Livingstone
_c2006
300 _aiii, 383p;
_bcol.ill :
_c27 cm.
504 _aIncludes index
650 _aMedical terminology
_99739
942 _2z
_cO_SHELF
999 _c4544
_d4544